| 000 | 00693nam a2200253Ia 4500 | ||
|---|---|---|---|
| 003 | OSt | ||
| 005 | 20221007082045.0 | ||
| 006 | a|||||r|||| 00| 0 | ||
| 007 | ta | ||
| 008 | 221006b |||||||| |||| 00| 0 eng d | ||
| 024 | _a44,907 | ||
| 037 | _cTextual | ||
| 040 |
_aFLL _cFLL _beng |
||
| 041 |
_2eng _aeng |
||
| 082 | _aZ1,6, Q7 | ||
| 100 |
_aBARKER Kit _9697769 |
||
| 245 | 0 | _aPrivate law and power | |
| 260 |
_aUK _bHart Publishing _c2017 |
||
| 300 |
_axii,306p. _ccm. |
||
| 700 |
_a DEGILINE Simone _9698612 |
||
| 700 |
_a FAIRWEATHER Karen _9697770 |
||
| 942 |
_hZ1,6, Q7 _cTEXL _2CC |
||
| 999 |
_c1165179 _d1165179 |
||